Web Engineering : A Practitioner´s Approach
Guardado en:
| Autores principales: | , |
|---|---|
| Formato: | Libro |
| Lenguaje: | inglés |
| Publicado: |
Boston :
McGraw-Hill,
2009
|
| Materias: | |
| Etiquetas: |
Sin Etiquetas, Sea el primero en etiquetar este registro!
|
MARC
| LEADER | 00000nam a22000003a 4500 | ||
|---|---|---|---|
| 001 | stu197429 | ||
| 005 | 20150617230035.2 | ||
| 008 | 091218s2009----xxu-----------------eng-d | ||
| 020 | |a 978-007-126377-1 | ||
| 040 | |a STU |b slo | ||
| 041 | 0 | |a eng | |
| 044 | |a xxu | ||
| 100 | 1 | |a Pressman, Roger S |4 aut | |
| 245 | 1 | |a Web Engineering : |b A Practitioner´s Approach | |
| 260 | |a Boston : |b McGraw-Hill, |c 2009 | ||
| 300 | |a 458 s | ||
| 650 | 7 | |a web engineering |2 stusub | |
| 700 | 1 | |a Lowe, David |4 aut | |
| 996 | |b 284IK06273 |c I*11WS6137 |l I |s A |a 24 |w stu197429_0001 | ||